Yearbook of U. S. - Japan economic relations in 1980

Salvato in:
Dettagli Bibliografici
Natura: Libro
Lingua:Undetermined
Pubblicazione: Washington, D. C. Japan Economic Institute of America 1980
Soggetti:
Tags: Aggiungi Tag
Nessun Tag, puoi essere il primo ad aggiungerne! !
Thư viện lưu trữ: Trung tâm Học liệu Trường Đại học Cần Thơ
LEADER 00557nam a2200181Ia 4500
001 CTU_82242
008 210402s9999 xx 000 0 und d
082 |a 337.1 
082 |b Y39 
245 0 |a Yearbook of U. S. - Japan economic relations in 1980 
260 |a Washington, D. C. 
260 |b Japan Economic Institute of America 
260 |c 1980 
650 |a United states,Japan 
650 |x Economic relations,Economic relations 
650 |z Japan,United states 
904 |i Trúc,Hải 
980 |a Trung tâm Học liệu Trường Đại học Cần Thơ